Cine latinoamericano: economía y nuevas tecnologias
Na minha lista:
| Autor principal: | |
|---|---|
| Formato: | Livro |
| Idioma: | espanhol |
| Publicado em: |
Ciudad de México
Trillas
1990
|
| Assuntos: | |
| Tags: |
Adicionar Tag
Sem tags, seja o primeiro a adicionar uma tag!
|
MARC
| LEADER | 00000nam a2200000 a 4500 | ||
|---|---|---|---|
| 001 | UCY1448 | ||
| 003 | CL-VaPUC | ||
| 008 | 940902e19900000MX |||||||||||||||||spa|d | ||
| 082 | 0 | 4 | |a 791.43098 |b GET |2 21 |
| 100 | |a Getino, Octavio |e author |9 427553 | ||
| 245 | 1 | 0 | |a Cine latinoamericano: economía y nuevas tecnologias |
| 300 | |a 244 p | ||
| 942 | |c BK | ||
| 945 | |d 19940902 00:00:00 |a mfernand | ||
| 260 | |a Ciudad de México |b Trillas |c 1990 | ||
| 650 | 0 | |a Industria cinematográfica |9 266081 | |
| 650 | 0 | |a Aspectos económicos |9 255165 | |
| 651 | 0 | |a América |9 255182 | |
| 583 | |a last modification |c 20160923 12:03:13 |k Rodrigo Vera | ||
| 999 | |c 230147 |d 230145 | ||
| 952 | |0 0 |1 0 |4 0 |6 791_430980000000000_GET_1990 |7 0 |8 R |9 232178 |a BIBART |b BIBART |d 2019-11-15 |i 3009505 |o 791.43098 GET 1990 |p 3009505 |r 2025-03-13 |w 2019-11-15 |y BK_R |k ART | ||